| 000 | 00483nam a2200169Ia 4500 | ||
|---|---|---|---|
| 999 |
_c20964 _d20964 |
||
| 003 | OSt | ||
| 005 | 20211115111459.0 | ||
| 008 | 190216s9999||||xx |||||||||||||| ||und|| | ||
| 040 | _coclc | ||
| 082 |
_a954.147 _bAYY/Z |
||
| 100 |
_aAyyar, K V Krishna _93293 |
||
| 245 | 4 |
_aThe Zamorins Of Calicut / _cK V Krishna Ayyar |
|
| 260 |
_bKamala Press, _c1938. _aCalicut: |
||
| 300 | _a320p | ||
| 650 | _aHistory | ||
| 942 |
_cBK _2ddc _h954.147 _iAYY/Z _k954.147 _mAYY/Z |
||